000 00557nmm a2200169Ia 4500
008 251105s9999||||xx |||||||||||||||||und||
020 _a091637968X
041 _aeng
100 _aCalomino, Salvatore
245 0 _aFrom Verse To Prose: The Barlaam And Josaphat Legend In Fifteenth-Century Germany
264 _a[Washington, Estados Unidos] :
_bScripta Humanistica,
_c1990
300 _a215 páginas
490 _aGerman Literature
650 _aGermanic literature and language
856 _uhttps://public.digitaliapublishing.com/a/203
942 _cCF
999 _c72947
_d72947